| 000 | 00351nam a2200133Ia 4500 | ||
|---|---|---|---|
| 008 | 240624s9999 xx 000 0 und d | ||
| 041 | _aeng | ||
| 082 | _a332.042 NUG | ||
| 100 | _aNUGEE JOHN | ||
| 245 | _aGULF REGION A NEW HUB OF GLOBAL FINANCIA | ||
| 260 |
_c2008 _aLondon _bChatham House |
||
| 300 | _axv, : 219 : p.: : 23 : cm. | ||
| 365 |
_cBPS _b25 |
||
| 999 |
_c22986 _d22986 |
||